Marketing : (Record no. 344627)

000 -LEADER
fixed length control field 01928 a2200253 4500
020 ## - INTERNATIONAL STANDARD BOOK NUMBER
International Standard Book Number 0030349990
020 ## - INTERNATIONAL STANDARD BOOK NUMBER
International Standard Book Number 9780030349997
082 04 - DEWEY DECIMAL CLASSIFICATION NUMBER
Classification number 658.8
090 ## - LOCALLY ASSIGNED LC-TYPE CALL NUMBER (OCLC); LOCAL CALL NUMBER (RLIN)
-- 2124
-- 2124
100 1# - MAIN ENTRY--PERSONAL NAME
Personal name Hoffman, K. Douglas.
245 10 - TITLE STATEMENT
Title Marketing :
Remainder of title best practices /
Statement of responsibility, etc. K. Douglas Hoffman.
250 ## - EDITION STATEMENT
Edition statement 2nd ed.
260 ## - PUBLICATION, DISTRIBUTION, ETC.
Place of publication, distribution, etc. [S.l.] :
Name of publisher, distributor, etc. South-Western College Pub,
Date of publication, distribution, etc. 2002.
300 ## - PHYSICAL DESCRIPTION
Extent 650 p. ;
Dimensions 29 cm.
500 ## - GENERAL NOTE
General note Hardcover.
520 ## - SUMMARY, ETC.
Summary, etc. Seventeen experts, one voice! The premise behind Marketing: Best Practices is simple yet effective: combine the expertise of the best and brightest in marketing. The second edition continues the tradition of highlighting the best practices from every facet of marketing. Each chapter is written by an authority in their field of marketing, all of whom are highly regarded for both academic and professional achievements. This unique collaboration results in one of the most cutting-edge texts to hit the principles market in years.Dr. Doug Hoffman, in addition to his chapter on Services Marketing, served as managing editor to ensure a focused and streamlined presentation throughout the book. Without losing the distinct flavor of each contributing author, every chapter is consistent in both format and pedagogy. The writing style is uniform and targeted for the undergraduate level. Cutting-edge topics drive the Opening Vignettes, and the copy maintains a lively, energetic tone. The end result is a solid mix of passion, insight, and firsthand experience not typically found in more traditional "Principles of Marketing" textbooks.
700 1# - ADDED ENTRY--PERSONAL NAME
Personal name Czinkota, Michael R.
700 1# - ADDED ENTRY--PERSONAL NAME
Personal name Dickson, Peter R.
700 1# - ADDED ENTRY--PERSONAL NAME
Personal name Dunne, Patrick.
700 1# - ADDED ENTRY--PERSONAL NAME
Personal name Griffin, Abbie.
856 40 - ELECTRONIC LOCATION AND ACCESS
Materials specified Amazon.com
Uniform Resource Identifier <a href="http://www.amazon.com/exec/obidos/ASIN/0030349990/chopaconline-20">http://www.amazon.com/exec/obidos/ASIN/0030349990/chopaconline-20</a>
856 40 - ELECTRONIC LOCATION AND ACCESS
Materials specified Amazon customer reviews
Uniform Resource Identifier <a href="http://www.chopac.org/cgi-bin/tools/azrev.pl?q=0030349990">http://www.chopac.org/cgi-bin/tools/azrev.pl?q=0030349990</a>
942 ## - ADDED ENTRY ELEMENTS (KOHA)
Institution code [OBSOLETE] NBS
Koha item type Book
Call number prefix 658.8 HOF
Holdings
Withdrawn status Lost status Damaged status Not for loan Permanent Location Current Location Date acquired Total Checkouts Full call number Barcode Date last seen Price effective from Koha item type
        Central Library (CL) Central Library (CL) 08/28/2013   658.8 HOF NBS6309 08/28/2013 08/28/2013 Book
        Central Library (CL) Central Library (CL) 08/28/2013   658.8 HOF NBS5832 08/28/2013 08/28/2013 Book
© 2023 Central Library, National University of Sciences and Technology. All Rights Reserved.